When the Partner’s Reality Bites: Associations Between Self- and Partner Ratings of Psychopathic Traits, Relationship Quality and Conflict Tactics

Gespeichert in:  
Bibliographische Detailangaben
VerfasserInnen: Uzieblo, Kasia (Verfasst von) ; Decuyper, Mieke (Verfasst von) ; Bijttebier, Patricia (Verfasst von) ; Verhofstadt, Lesley (Verfasst von)
Medienart: Elektronisch Aufsatz
Sprache:Englisch
Veröffentlicht: 2022
In: International journal of offender therapy and comparative criminology
Jahr: 2022, Band: 66, Heft: 15, Seiten: 1659-1681
Online-Zugang: Volltext (lizenzpflichtig)
Verfügbarkeit prüfen: HBZ Gateway
Schlagwörter:

MARC

LEADER 00000caa a22000002c 4500
001 1817928414
003 DE-627
005 20230426141103.0
007 cr uuu---uuuuu
008 221002s2022 xx |||||o 00| ||eng c
024 7 |a 10.1177/0306624X221086560  |2 doi 
035 |a (DE-627)1817928414 
035 |a (DE-599)KXP1817928414 
040 |a DE-627  |b ger  |c DE-627  |e rda 
041 |a eng 
084 |a 2,1  |2 ssgn 
100 1 |a Uzieblo, Kasia  |e VerfasserIn  |4 aut 
109 |a Uzieblo, Kasia 
245 1 0 |a When the Partner’s Reality Bites: Associations Between Self- and Partner Ratings of Psychopathic Traits, Relationship Quality and Conflict Tactics 
264 1 |c 2022 
336 |a Text  |b txt  |2 rdacontent 
337 |a Computermedien  |b c  |2 rdamedia 
338 |a Online-Ressource  |b cr  |2 rdacarrier 
650 4 |a conflict tactics 
650 4 |a Negotiation 
650 4 |a Intimate Partner Violence 
650 4 |a Relationship quality 
650 4 |a Psychopathy 
700 1 |a Decuyper, Mieke  |e VerfasserIn  |4 aut 
700 1 |a Bijttebier, Patricia  |e VerfasserIn  |4 aut 
700 1 |a Verhofstadt, Lesley  |e VerfasserIn  |4 aut 
773 0 8 |i Enthalten in  |t International journal of offender therapy and comparative criminology  |d London [u.a.] : Sage Publ., 1972  |g 66(2022), 15, Seite 1659-1681  |h Online-Ressource  |w (DE-627)325163286  |w (DE-600)2034467-3  |w (DE-576)094533156  |x 1552-6933  |7 nnas 
773 1 8 |g volume:66  |g year:2022  |g number:15  |g pages:1659-1681 
856 4 0 |u https://doi.org/10.1177/0306624X221086560  |x Resolving-System  |z lizenzpflichtig  |3 Volltext  |7 1 
935 |a mkri 
951 |a AR 
ELC |a 1 
LOK |0 000 xxxxxcx a22 zn 4500 
LOK |0 001 4193954676 
LOK |0 003 DE-627 
LOK |0 004 1817928414 
LOK |0 005 20221002051609 
LOK |0 008 221002||||||||||||||||ger||||||| 
LOK |0 035   |a (DE-2619)KrimDok#2022-10-01#18E79B3AA521A5A34AF1C5CF12D448EEA10AFCCE 
LOK |0 035   |a (DE-2619)KrimDok#2022-10-05#18E79B3AA521A5A34AF1C5CF12D448EEA10AFCCE 
LOK |0 035   |a (DE-2619)KrimDok#2022-10-24#18E79B3AA521A5A34AF1C5CF12D448EEA10AFCCE 
LOK |0 040   |a DE-2619  |c DE-627  |d DE-2619 
LOK |0 092   |o n 
LOK |0 852   |a DE-2619 
LOK |0 852 1  |9 00 
LOK |0 935   |a zota 
LOK |0 939   |a 02-10-22  |b l01 
ORI |a SA-MARC-krimdoka001.raw